<?xml version="1.0" encoding="UTF-8"?>
<record
    xmlns:xsi="http://www.w3.org/2001/XMLSchema-instance"
    xsi:schemaLocation="http://www.loc.gov/MARC21/slim http://www.loc.gov/standards/marcxml/schema/MARC21slim.xsd"
    xmlns="http://www.loc.gov/MARC21/slim">

  <leader>01038nam a2200313 u 4500</leader>
  <controlfield tag="001">944712</controlfield>
  <controlfield tag="005">20260506155841.0</controlfield>
  <controlfield tag="008">050913e19850901                    spa  </controlfield>
  <datafield tag="020" ind1=" " ind2=" ">
    <subfield code="a">8475093493</subfield>
  </datafield>
  <datafield tag="035" ind1=" " ind2=" ">
    <subfield code="a">944712</subfield>
  </datafield>
  <datafield tag="035" ind1=" " ind2=" ">
    <subfield code="a">(OCoLC)318153940</subfield>
  </datafield>
  <datafield tag="040" ind1=" " ind2=" ">
    <subfield code="c">comduadb</subfield>
  </datafield>
  <datafield tag="041" ind1=" " ind2=" ">
    <subfield code="a">spa</subfield>
  </datafield>
  <datafield tag="082" ind1=" " ind2="4">
    <subfield code="a">398</subfield>
  </datafield>
  <datafield tag="100" ind1="1" ind2="0">
    <subfield code="a">Kirk, Geoffrey Stephen,</subfield>
    <subfield code="d">1921-2003</subfield>
    <subfield code="4">aut</subfield>
    <subfield code="0">(isni)0000 0001 1058 9339</subfield>
    <subfield code="0">(viaf)41859368</subfield>
    <subfield code="e">aut</subfield>
    <subfield code="9">240001</subfield>
  </datafield>
  <datafield tag="245" ind1="1" ind2="3">
    <subfield code="a">El mito : su significado y funciones en la antiguedad y otras culturas</subfield>
  </datafield>
  <datafield tag="260" ind1=" " ind2=" ">
    <subfield code="a">Barcelona :</subfield>
    <subfield code="b">Ediciones Paid&#xF3;s,</subfield>
    <subfield code="c">1985.</subfield>
  </datafield>
  <datafield tag="300" ind1=" " ind2=" ">
    <subfield code="a">310 p&#xE1;ginas</subfield>
  </datafield>
  <datafield tag="490" ind1="0" ind2=" ">
    <subfield code="a">Paid&#xF3;s b&#xE1;sica ;</subfield>
    <subfield code="v">24</subfield>
  </datafield>
  <datafield tag="600" ind1="1" ind2="4">
    <subfield code="a">L&#xE9;vi-Strauss, Claude,</subfield>
    <subfield code="d">1908-2009</subfield>
    <subfield code="9">473486</subfield>
  </datafield>
  <datafield tag="650" ind1=" " ind2="7">
    <subfield code="a">Mitolog&#xED;a</subfield>
    <subfield code="2">lemb</subfield>
    <subfield code="9">218336</subfield>
  </datafield>
  <datafield tag="650" ind1=" " ind2="7">
    <subfield code="a">Rituales</subfield>
    <subfield code="2"></subfield>
    <subfield code="9">107707</subfield>
  </datafield>
  <datafield tag="650" ind1=" " ind2="7">
    <subfield code="a">Cuentos populares</subfield>
    <subfield code="2">lemb</subfield>
    <subfield code="9">38533</subfield>
  </datafield>
  <datafield tag="650" ind1=" " ind2="7">
    <subfield code="a">Antropolog&#xED;a estructural</subfield>
    <subfield code="2">embne</subfield>
    <subfield code="9">57543</subfield>
  </datafield>
  <datafield tag="650" ind1=" " ind2="7">
    <subfield code="a">Mitolog&#xED;a griega</subfield>
    <subfield code="2">lemb</subfield>
    <subfield code="9">30088</subfield>
  </datafield>
  <datafield tag="650" ind1=" " ind2=" ">
    <subfield code="a">Mesopotamia - Religi&#xF3;n y mitolog&#xED;a</subfield>
    <subfield code="9">175186</subfield>
  </datafield>
  <datafield tag="650" ind1=" " ind2="7">
    <subfield code="a">Mitolog&#xED;a</subfield>
    <subfield code="2">lemb</subfield>
    <subfield code="9">218336</subfield>
  </datafield>
  <datafield tag="942" ind1=" " ind2=" ">
    <subfield code="c">BOOK</subfield>
  </datafield>
  <datafield tag="999" ind1=" " ind2=" ">
    <subfield code="c">368852</subfield>
    <subfield code="d">368852</subfield>
  </datafield>
  <datafield tag="952" ind1=" " ind2=" ">
    <subfield code="0">0</subfield>
    <subfield code="1">0</subfield>
    <subfield code="4">0</subfield>
    <subfield code="7">0</subfield>
    <subfield code="8">GEN</subfield>
    <subfield code="a">BC</subfield>
    <subfield code="b">BC</subfield>
    <subfield code="d">2005-09-21</subfield>
    <subfield code="e">Otros proveedores</subfield>
    <subfield code="g">108360.00</subfield>
    <subfield code="i">C882322</subfield>
    <subfield code="l">0</subfield>
    <subfield code="o">398.2 K59</subfield>
    <subfield code="p">0564570</subfield>
    <subfield code="r">2025-06-19 12:38:48</subfield>
    <subfield code="t">1</subfield>
    <subfield code="w">2023-04-26</subfield>
    <subfield code="y">BOOK</subfield>
  </datafield>
</record>
